| 000 | 00371nam a2200133u 4500 | ||
|---|---|---|---|
| 082 |
_a320.947 _bKOL _cL-27,P26 |
||
| 100 | 1 |
_aKolarz, Walter. [from old catalog] _937599 |
|
| 245 | 0 | 0 | _aHow Russia is ruled. |
| 260 |
_aLondon, _bBatchworth Press _c[1953] |
||
| 300 |
_a175 p. _c19 cm. |
||
| 526 |
_a0 _b0 _c0 _d320_947000000000000_KOL |
||
| 650 |
_aMCE _9379 |
||
| 942 |
_2ddc _cBK |
||
| 999 |
_c542433 _d542433 |
||